| 000 | 03506nam a2200241 a 4500 | ||
|---|---|---|---|
| 999 |
_c6170 _d6170 |
||
| 001 | 6170 | ||
| 003 | BD-JhCC | ||
| 005 | 20220825134021.0 | ||
| 008 | 180115s2001 bg ||||| ||a| 00| 0 eng d | ||
| 035 | _a(BD-JhCC)6170 | ||
| 040 |
_aBD-JhCC _dBD-JhCC |
||
| 041 | _amul | ||
| 082 |
_a297.1226 _bSOH 2001 |
||
| 100 | _aশহীদ, সাইয়েদ কুতুব | ||
| 245 |
_aতাফসীর ফী যিলালিল কোরআন / _cসাইয়েদ কুতুব শহীদ; হাফেজ মুনির উদ্দীন আহমদ (অনু.) |
||
| 260 |
_aঢাকা : _bআল কোরআন একাডমী লন্ডন, _c2001. |
||
| 300 |
_a268 p. : _c25 cm. |
||
| 505 | _a১ম খন্ড : সূরা আল ফাতেহা ও সূরা আল বাকারার (প্রথম অংশ); ২য় খন্ড : সূরা আল বাকারা (শেষ অংশ); ৩য় খন্ড : সূরা আল ইমরান; ৪র্থ খন্ড : সূরা আন নেসা; ৫ম খন্ড : সূরা অাল মায়েদা; ৬ষ্ঠ খন্ড : সূরা আল আনআম; ৭ম খন্ড : সূরা আল আ’রাফ; ৮ম খন্ড : সূরা আল আনফাল; ৯ম খন্ড : সূরা আত তাওবা; ১০ম খন্ড : সূরা ইউনুস, সূরা হুদ; ১১তম খন্ড : সূরা ইউসুফ, সূরা আ রা’দ, সূরা ইবরাহীম; ১২ তম খন্ড : সূরা আল হেজর, সূরা আন নাহল, সূরা বনি ইসরাঈল, সূরা আল কাহফ; ১৩ তম খন্ড : সূরা মারইয়াম, ত্বা’হা, আল আম্বিয়া, আল হজ্জ; ১৪ তম খন্ড : সূরা আল মোমেনূন, আন নূর, আল ফোরকান, আশ শোয়ারা; ১৫ তম খন্ড : সূরা আন নামল, আল কাছাছ, আল আনকাবুত, আর রোম; ১৬ তম খন্ড : সূরা লোকমান, আস সাজদা, আল আহযাব, সাবা; ১৭তম খন্ড : সূরা ফাতের, সূরা ইয়াসীন, সূরা আছ ছাফফাত, সূরা ছোয়াদ, সূরা আঝ ঝুমার; ১৮ তম খন্ড : সূরা আল মোমেন, হা-মীম আস সাজদাহ, আশ শূরা, আয যোখরুফ, আদ দোখান, আল জাছিয়া; ১৯ তম খন্ড : সূরা আল আহকাফ থেকে সূরা আল ক্বামার; ২০ তম খন্ড : সূরা আর রহমান থেকে সূরা আত তাহরীম; ২১ তম খন্ড : সূরা আল মূলক, আল কালাম, আল হাক্কাহ, আল মায়ারেজ, নূহ, আল জ্বীন, আল মোযযাম্মেল, আল মোদ্দাসসের, আল ক্বিয়ামাহ, আল আদ দাহর, আল মোরসালাত আমপারা। | ||
| 650 | _aAl - Quran | ||
| 700 | _aআহমদ, হাফেজ মুনির উদ্দীন | ||
| 942 |
_2ddc _cBK _025 |
||